The employment relationship fifth item on the agenda

Bibliographic Details
Format: Book
Language:English
French
PhysicalDescription:10 s. 30 cm
Published: Geneva International Labour Office 2006
ISBN:9220166135 (brož.)
ISSN:0074-6681
Edition:1st publ.
Series:Report / International Labour Conference, 95th Session 2006 5 (2B)
Subjects:

MARC

LEADER 00000nam a2200000 a 4500
001 vtls008640682
003 SK-MaSNL
005 20260301021627.0
008 251124s2006 sz f 000 0 eng
020 |a 9220166135 (brož.) 
040 |a SNK  |b slo  |c SNK  |e AACR2 
041 0 |a eng  |a fre 
044 |a sz  |c CH 
072 7 |a 331  |x Práca  |2 konspekt 
080 |a 331  |2 2001 
080 |a 331.106  |2 2001 
080 |a (063)  |2 2001 
245 0 4 |a The employment relationship  |b fifth item on the agenda 
246 1 1 |a Relation de travail 
250 |a 1st publ. 
260 |a Geneva  |b International Labour Office  |c 2006 
300 |a 10 s.  |c 30 cm 
490 1 |a Report / International Labour Conference, 95th Session 2006  |x 0074-6681  |v 5 (2B) 
546 |a Súbež. názov a text franc. 
610 2 7 |a Medzinárodná organizácia práce  |2 SNKKA  |9 18131 
650 0 7 |a práca  |2 SNKPH  |9 2337 
650 0 7 |a pracovnoprávne vzťahy  |2 SNKPH  |9 2338 
655 7 |a zborníky konferencií  |2 SNKPH  |9 70153 
811 2 |a Medzinárodná konferencia práce  |n (95. :  |d 2006 :  |c Ženeva, Švajčiarsko)  |t Report  |9 113338 
919 |a 92-2-016613-5 
999 |c 565754  |d 567684 
952 |a SNK  |b SNK  |y VYP  |7 0  |p 17A1053485  |o snkIB 71107  |i snk2006/7016  |8 2  |g 6.01  |0 0  |1 0  |4 0  |d 2006-03-30  |l 0  |r 2026-02-23 13:57:01  |w 2026-02-23